Statistics for Guess What Country Quiz #1

Click here to take the quiz!

General Stats

  • This quiz has been taken 690 times
  • The average score is 7 of 16

Answer Stats

QuestionAnswer% Correct
Country with the most Baha'iIndia
81%
Country with the most earthquakesJapan
77%
Country to first give women the right to voteNew Zealand
72%
Country with the most cowsBrazil
71%
Country with the most islandsSweden
54%
Country with the most 'equally official' languagesSouth Africa
50%
Country with the lowest median ageNiger
48%
Country with the youngest leaderFinland
45%
Country voted the 'most dangerous'Syria
35%
Country to first elect a women to lead themIceland
34%
Country to first abolish slaveryHaiti
30%
Country with the highest male to female ratio (*excluding Vatican City)Qatar
17%
Country with the most ethnic diversityUganda
17%
Country with the highest polygamy rateKuwait
12%
Country with the highest divorce rateLuxembourg
11%
Country with the most coronavirus cases per-capita (* Nov 2020)Andorra
10%

Score Distribution

Percentile by Number Answered

Percent of People with Each Score

Your Score History

You have not taken this quiz